000 00730nam a2200229Ia 4500
003 OSt
005 20230613152505.0
008 210423s2018 xx 000 0 und d
020 _a978-93-87702-50-9
040 _cAL
041 _aeng
082 _a657.46
_223
_bSINT
100 _aSINGHANIA (Vinod K);SINGHANIA (Jeewan)
_984347
245 _aTaxmanns direct taxes ready reckoner: assessment year 2018-19 and 2019-20 Ed 41
250 _a41
260 _aNew Delhi
_bTaxmann Publications Pvt Ltd
_c2018
300 _a228,B-61,C-1,D-13
_bPB
365 _b1075
_cINR
650 _aIncome Tax
_984348
906 _a2018-19 ; 2019-20 ; 41 ; assessment ; direct ; ready ; reckoner: ; taxes ; Taxmanns ; year
942 _2ddc
_cBK
999 _c169298
_d169298